Top 15 Covid-19 getroffen landen - 6 september - Statistieken

Algemene statistieken
  • Deze quiz is 2 keer genomen
  • De gemiddelde score is 9 van 23
Antwoordstatistieken
land % Correct
Frankrijk
100%
Iran
100%
Mexico
100%
Verenigde Staten
100%
Verenigd Koninkrijk
100%
Argentinië
50%
Brazilië
50%
Colombia
50%
India
50%
Peru
50%
Rusland
50%
Spanje
50%
Zuid-Afrika
50%
Armenië
0%
Bahrein
0%
Bangladesh
0%
Chili
0%
Chili
0%
Israël
0%
Koeweit
0%
Oman
0%
Panama
0%
Qatar
0%
Geen overeenkomende quizzen gevonden
Scoreverdeling
Procent van Mensen met Elke Score
Percentiel versus Aantal Correcte Antwoorden
Uw Scoregeschiedenis
U heeft deze quiz nog niet genomen